|
|
|
|
| LEADER |
00000nab a2200000 a 4500 |
| 001 |
vtls008997044 |
| 003 |
SK-MaSNL |
| 005 |
20260303065756.0 |
| 008 |
070607 20070607xo dr er 000 0 slo |
| 038 |
|
|
|a KEVKJB
|
| 040 |
|
|
|a KEVKJB
|b slo
|c KEVKJB
|e AACR2
|
| 041 |
0 |
|
|a slo
|
| 044 |
|
|
|a xo
|c SK
|
| 080 |
|
|
|a 656.835
|2 2001
|
| 080 |
|
|
|a 348.328.3
|2 2001
|
| 245 |
0 |
0 |
|a Jasovský kláštor sa po prvý raz objavil na známke
|
| 300 |
|
|
|b Obr.
|
| 610 |
2 |
7 |
|a Kláštor premonštrátov (Jasov, Slovensko)
|2 kevkjb
|9 169238
|
| 650 |
0 |
7 |
|a kláštory
|2 kevkjb
|9 3024
|
| 650 |
0 |
7 |
|a poštové známky
|x inaugurácie
|2 kevkjb
|9 1064199
|
| 651 |
|
7 |
|a Jasov (Slovensko)
|2 kevkjb
|9 22401
|
| 651 |
|
7 |
|a Košice-okolie (Slovensko : okres)
|2 kevkjb
|9 146743
|
| 773 |
0 |
|
|t Košický denník Korzár
|g Roč. X, č. 130 (7.6.2007), s. 4
|x 1335-4566
|
| 852 |
|
|
|a KEVKJB
|b KIS3GCP
|
| 856 |
4 |
1 |
|u www.korzar.sk
|
| 999 |
|
|
|c 1752631
|d 1754561
|